00510nam a22001697a 450000500170000001000150001702000260003203500140005803700130007208200170008510000190010224500500012126000390017127000440021030000320025450000540028620180926154142.0 aENG-124066 a9789352661183c400.00 aEN-107598 bDBAD/PUB a791.43028092 aSisodia, Kriti aAamir Khan a social spark /cby Kriti Sisodia aNew DelhibPrabhat Prakashanc2017 bNew Delhie110002a4/19, Asaf Ali Road, a215p.c21cm.(Hb.)bill.pic. aIt includes Epilogue, I sum it up and references